00558nam a2200181Ia 4500003000900000008004100009020001800050040001600068080001500084100002700099245012700126260004100253300001600294650002000310650001400330650001300344650001900357IN-BaIIA211028s9999 xx 000 0 eng d a1-86094-447-7 cIIA Library a523.1bGLE aGlendenning, Norman K. 0aAfter the beginningba cosmic journey through spcae and timecNorman K. Glendenning  aLondonbImperial College Pressc2004 axvii, 208p. aBig bang theory aCosmology aGalaxies aStar formation